000 00289nam a2200145Ia 4500
100 _aMcGowan/Peter
942 _cBK
366 _f20
654 _acloudforms
245 _aMastering cloudforms automation
260 _bSPD
_c2016
082 _bMCG
300 _a399
546 _aENGLISH
999 _c24012
_d24012